American power in the 21st century / (Record no. 15314)

000 -LEADER
fixed length control field 01054cam a2200337 a 4500
001 - CONTROL NUMBER
control field 13808840
005 - DATE AND TIME OF LATEST TRANSACTION
control field 20170105102915.0
008 - FIXED-LENGTH DATA ELEMENTS--GENERAL INFORMATION
fixed length control field 041207s2004 enk 000 0 eng
010 ## - LIBRARY OF CONGRESS CONTROL NUMBER
LC control number 2004275907
015 ## - NATIONAL BIBLIOGRAPHY NUMBER
National bibliography number GBA4Y0602
Source bnb
016 7# - NATIONAL BIBLIOGRAPHIC AGENCY CONTROL NUMBER
Record control number 007714613
Source Uk
020 ## - INTERNATIONAL STANDARD BOOK NUMBER
International Standard Book Number 0745633463
020 ## - INTERNATIONAL STANDARD BOOK NUMBER
International Standard Book Number 0745633471 (pbk.)
035 ## - SYSTEM CONTROL NUMBER
System control number (OCoLC)ocm56441558
040 ## - CATALOGING SOURCE
Original cataloging agency UKM
Transcribing agency UKM
Modifying agency DLC
042 ## - AUTHENTICATION CODE
Authentication code lccopycat
043 ## - GEOGRAPHIC AREA CODE
Geographic area code n-us---
050 00 - LIBRARY OF CONGRESS CALL NUMBER
Classification number JZ1480
Item number .A97 2004
082 04 - DEWEY DECIMAL CLASSIFICATION NUMBER
Classification number 327.73
Edition number 22
245 00 - TITLE STATEMENT
Title American power in the 21st century /
Statement of responsibility, etc. edited by David Held & Mathias Koenig-Archibugi.
260 ## - PUBLICATION, DISTRIBUTION, ETC.
Place of publication, distribution, etc. Cambridge, UK ;
-- Malden, MA :
Name of publisher, distributor, etc. Polity,
Date of publication, distribution, etc. 2004.
300 ## - PHYSICAL DESCRIPTION
Extent x, 299 p. ;
Dimensions 24 cm.
650 #0 - SUBJECT ADDED ENTRY--TOPICAL TERM
Topical term or geographic name entry element Hegemony
Geographic subdivision United States.
650 #0 - SUBJECT ADDED ENTRY--TOPICAL TERM
Topical term or geographic name entry element World politics
Chronological subdivision 1995-2005.
651 #0 - SUBJECT ADDED ENTRY--GEOGRAPHIC NAME
Geographic name United States
General subdivision Foreign relations
Chronological subdivision 21st century.
700 1# - ADDED ENTRY--PERSONAL NAME
Personal name Held, David.
700 1# - ADDED ENTRY--PERSONAL NAME
Personal name Koenig-Archibugi, Mathias.
906 ## - LOCAL DATA ELEMENT F, LDF (RLIN)
a 7
b cbc
c copycat
d 2
e ncip
f 20
g y-gencatlg
942 ## - ADDED ENTRY ELEMENTS (KOHA)
Source of classification or shelving scheme
Koha item type Book
Holdings
Withdrawn status Lost status Damaged status Not for loan Collection code Permanent Location Current Location Shelving location Date acquired Total Checkouts Full call number Barcode Date last seen Price effective from Koha item type
          Centre for International Peace & Stability (CIPS) Centre for International Peace & Stability (CIPS) General Stacks 09/27/2013   327.73 AME 2004 CIPS0001154 11/26/2013 11/26/2013 Book
© 2023 Central Library, National University of Sciences and Technology. All Rights Reserved.